000 00667nam a22001937a 4500
999 _c182673
_d182673
005 20211201125627.0
010 _aUR-11344
020 _c475.00
_a9789390789115
035 _aU-9899
037 _bDBAD/PUB
082 _a840.08
100 _aمر تبہ:فر حت شميم
245 _aفن ا نشا ءيہ ا و ر ا نشا يۓ
_cمر تبہ:فر حت شميم
246 _aFan-e-Inshaiya Aur Inshaiye Urdu)
_bEdited by Farhat Shamim
260 _aN.Delhi
_c2021 ء
_bEducational Publishing House
270 _aD1/16,Ansari Road,Darya Ganj,
_bNew Delhi
_e110002
_l -
300 _a480 ص
_c22 Cm(Hb)
942 _2ddc
_cUR
_h840.08
_mا ن ش